LEADER 01940nam 22005173 450 001 996691903703316 005 20250901121911.0 010 $a1-5261-8430-3 010 $a1-5261-8432-X 035 $a(MiAaPQ)EBC32274376 035 $a(Au-PeEL)EBL32274376 035 $a(CKB)40630392500041 035 $a(OCoLC)1535403331 035 $a(EXLCZ)9940630392500041 100 $a20250901d2025 uy 0 101 0 $aeng 135 $aurcnu|||||||| 181 $ctxt$2rdacontent 182 $cc$2rdamedia 183 $acr$2rdacarrier 200 10$aChina As Context $eAnthropology, Post-Globalisation and the Neglect of China 205 $a1st ed. 210 1$aManchester :$cManchester University Press,$d2025. 210 4$dİ2025. 215 $a1 online resource (239 pages) 225 1 $aAlternative Sinology Series 311 08$a1-5261-8431-1 330 $aThis book challenges the marginalization of Chinese-grounded ideas in academia, arguing that neglecting China distorts our understanding of global complexities. Through diverse ethnographic perspectives, it repositions China as a key agent in knowledge production, urging a holistic approach to the social sciences amid shifting global dynamics. 410 0$aAlternative Sinology Series 606 $aPOLITICAL SCIENCE / Globalization$2bisacsh 606 $aSOCIAL SCIENCE / Anthropology / Cultural & Social$2bisacsh 606 $aSOCIAL SCIENCE / Anthropology / General$2bisacsh 615 7$aPOLITICAL SCIENCE / Globalization 615 7$aSOCIAL SCIENCE / Anthropology / Cultural & Social 615 7$aSOCIAL SCIENCE / Anthropology / General 676 $a303.482 700 $aWu$b Di$0961538 701 $aPia$b Andrea E$01860602 701 $aPulford$b Ed$01860603 801 0$bMiAaPQ 801 1$bMiAaPQ 801 2$bMiAaPQ 906 $aBOOK 912 $a996691903703316 996 $aChina As Context$94466330 997 $aUNISA